| 000 | 00737cab a2200241 4500 | ||
|---|---|---|---|
| 001 | WB3242-05 | ||
| 008 | 090401t1996 xxu||||| |||| 00| 0 eng d | ||
| 035 | _a(Sirsi) u44528 | ||
| 041 | _aeng | ||
| 245 | _aSelf-employment crackdown | ||
| 260 | _c1996 | ||
| 350 | _a0 | ||
| 490 |
_aAccountancy Age _v31 October 1996, 1(1) |
||
| 520 | _aInland Revenue demands that self-employed workers in the construction industry be employed directly, could have drastic effects on the incomes of small and medium sized contractors. | ||
| 650 | _aCONTRACTORS | ||
| 650 | _aINLAND REVENUE | ||
| 650 | _aPAYE | ||
| 650 | _aSELF-EMPLOYMENT | ||
| 650 | _aSUBCONTRACTORS | ||
| 690 | _aBUILT ENVIRONMENT | ||
| 942 | _n0 | ||
| 948 | _c04/03/1997 | ||
| 999 |
_c28302 _d28302 |
||